Estatísticas para Jogos Olímpicos de 2016 - Ranking dos 20 melhores países

Clique aqui para jogar o quiz

Estatísticas Gerais

  • Esse quiz foi jogado 189 vezes
  • A pontuação média é 23 de 30

Estatísticas das Respostas

RankingOuroPrataBronzeTotalPaís% Correto
26182670China
99%
463738121Estados Unidos
99%
13º76619Brasil
98%
1282141Japão
95%
19181956Rússia
95%
17101542Alemanha
93%
20º431522Canadá
92%
14º74617Espanha
92%
10181442França
92%
27231767Grã-Bretanha
92%
27º3104Argentina
91%
812828Itália
91%
10º8111029Austrália
89%
93921Coreia do Sul
89%
29º26311Suécia
81%
11º87419Holanda
79%
19º49518Nova Zelândia
75%
24º3227Suíça
73%
30º26210Africa do Sul
72%
23º3238Colômbia
70%
18º52411Cuba
69%
16º63211Jamaica
69%
26º3126Grécia
67%
28º26715Dinamarca
62%
25º3148Irã
58%
15º66113Quênia
57%
17º53210Croácia
53%
12º83415Hungria
53%
22º35917Cazaquistão
38%
21º42713Uzbequistão
25%

Distribuição das Pontuações

Percentil de Números Respondidos

Porcentagem de Pessoas com Cada Pontuação

Sua Pontuação Histórica

Você não jogou esse quiz